000 00563nam a2200181 i 4500
001 77447
003 ES-MaACL
005 20251113180044.0
007 t|
008 041008s1969 sp ||||1| spa d
100 1 _aGutiérrez Vega, Zenaida.
_9162548
245 1 0 _aJosé María Chacón y Calvo, hispanista cubano /
_cZenaida Gutiérrez-Vega.
260 _aMadrid :
_bCultura Hispánica,
_c1969.
300 _a236 p., 5 lám. ;
_c22 cm.
600 0 4 _aChacón y Calvo, José María,
_d1893-1969
_937770
852 _aES-MaACL
_jC-44678
999 _c77447
_d77447